| 000 | 00000nam 2200000zi 4500 |
| 001 | 9.947250 |
| 003 | CaOODSP |
| 005 | 20250122121238 |
| 006 | m o d f |
| 007 | cr mn||||||||| |
| 008 | 250122e197210 oncd o f000 0 fre d |
| 040 | |aCaOODSP|bfre|erda|cCaOODSP |
| 043 | |an-cn-qu |
| 086 | 1 |aId32-32/1972F-PDF |
| 245 | 00|aÉtude de divers modes de transport s'offrant aux fabricants de meubles du Québec / |cpréparé par Ernst & Ernst. |
| 264 | 1|aOttawa : |b[Ministère de l'Industrie et du Commerce], |coctobre 1972. |
| 300 | |a1 ressource en ligne (1 volume (en pagination multiple)) : |bgraphiques |
| 336 | |atexte|btxt|2rdacontent/fre |
| 337 | |ainformatique|bc|2rdamedia/fre |
| 338 | |aressource en ligne|bcr|2rdacarrier/fre |
| 500 | |aÉdition numérisée de l'imprimé [par Innovation, sciences et développement économique Canada]. |
| 500 | |aPublié aussi en anglais sous le titre : A study of transportation alternatives for Quebec furniture manufacturers. |
| 650 | 6|aMeubles|xIndustrie|xTransport|zQuébec (Province) |
| 710 | 1 |aCanada. |bMinistère de l'industrie et du commerce, |eorganisme de publication. |
| 710 | 2 |aErnst & Ernst Services de conseillers en gestion, |econsultant. |
| 775 | 08|tA study of transportation alternatives for Quebec furniture manufacturers / |w(CaOODSP)9.934434 |
| 856 | 40|qPDF|s1.66 Mo|uhttps://publications.gc.ca/collections/collection_2025/isde-ised/id32/Id32-32-1972-fra.pdf |